| 000 | 00369nam a2200145Ia 4500 | ||
|---|---|---|---|
| 008 | 230917s9999||||xx |||||||||||||| ||und|| | ||
| 040 |
_e185391 _aMAIN |
||
| 041 | _aEnglish | ||
| 082 | _a327.54073 I2I | ||
| 100 | _aBhonsle, Rahul | ||
| 245 | 0 | _aIndio-US civil nuclear deal | |
| 260 |
_aNew Delhi _bAtlantic Publishers _c2009 |
||
| 300 | _aviii, 370 p. | ||
| 942 | _cBK | ||
| 999 |
_c162032 _d162032 |
||